Jeux Olympiques 1900 - Pays participants - Statistiques

Statistiques générales
  • Ce quiz a été pris 26 fois
  • Le résultat moyen est 25 sur 28
Réponses sur la Carte
Les réponses sont colorées sur une échelle allant du rouge au vert en fonction du pourcentage des utilisateurs qui les ont devinées à leur premier essai. Vous pouvez retrouver ces pourcentages ci-dessous.
 
Statistiques - réponses
Nombre d'athlètes Pays % Correct
75 Allemagne
100%
13 Autriche
100%
66 Belgique
100%
02 Canada
100%
09 Espagne
100%
73 Etats-Unis
100%
743 France
100%
25 Italie
100%
04 Mexique
100%
96 Royaume-Uni
100%
04 Russie
100%
10 Suède
100%
07 Norvège
96%
16 Suisse
96%
02 Australie
92%
13 Danemark
92%
03 Grèce
92%
17 Hongrie
92%
01 Argentine
88%
01 Inde
88%
29 Pays-Bas
83%
01 Cuba
75%
01 Roumanie
75%
01 Pérou
71%
01 Iran
67%
01 Haïti
63%
01 Luxembourg
63%
07 Bohême
58%
Aucun quiz correspondant
Distribution des résultats
% des personnes avec chaque résultat
Percentile par nombre de réponses
Votre historique - résultats
Vous n’avez pas pris ce quiz